01372 a2200193 45000010006000000050017000060080041000230030015000640400040000790800083001192450075002020200018002772640028002953000019003235050789003420410008011311000018011397000021011576033220260407155853.0260407a1984 arg spa dAR-UNSa-BCEJYS aAR-UNSa-BCEJYSbspacAR-UNSa-BCEJYS a658.15xAdministración financiera privada. Gestión financiera de empresas 10aCómo comprender las finanzas de una compañiapUn enfoque gráfico a958-04-0378-3 1aBogotá :bNormac1984 a144 p.c17 cm. a1. Representación del desarrollo de una compañía – 2. Representación del funcionamiento de una compañía – 3. Representación del estado de pérdidas y ganancias – 4. Representación del balance general – 5. La gráfica completa – 6. De cómo las cifras de los informes reflejan las actuaciones de la compañía – 7. De cómo las cifras de los estados financieros reflejan los negocios de una compañía durante un período. 8. Del efectivo y otros bienes – 9. Utilidad y efectivo – 10. Gráfica de una compañía cualquiera – 11. Razones financieras para comparación y análisis – 12. El futuro – 13. ¿Qué pasaría si …? – 14. Evaluación de las finanzas de una compañía – 15. ¿Quién se beneficia de la utilidad? -  aspa1 aPurcell, W.R.1 aVélez, Ignacio